| 000 | 00419nam a22001457a 4500 | ||
|---|---|---|---|
| 020 | _a0803102259 | ||
| 040 | _cNUST | ||
| 082 | _a620.1126 NAT | ||
| 100 |
_aKanninen, Melvin F. _9113200 |
||
| 110 |
_aHopper, A. T. _9113201 |
||
| 245 |
_aFracture Mechanics: _bSixteenth Symposium |
||
| 260 |
_aIndia: _bASTM, Philadelphia, PA, _c1985. |
||
| 650 |
_aFracture Mechanics Sixteenth Symposium _9113202 |
||
| 942 |
_2ddc _cBK |
||
| 999 |
_c594963 _d594963 |
||